[Event "77th ch-city"]
[Site "St Petersburg RUS"]
[Date "2004.04.10"]
[Round "10"]
[White "Feofanov,D"]
[Black "Solovjov,S"]
[Result "1-0"]
[WhiteElo "2281"]
[BlackElo "2426"]

1.Nf3 Nf6 2.c4 g6 3.Nc3 Bg7 4.e4 d6 5.d4 O-O 6.Be2 e5 7.dxe5 dxe5 8.Qxd8 Rxd8
9.Nd5 Nxd5 10.cxd5 c6 11.Bc4 b5 12.Bb3 Bb7 13.Bg5 Re8 14.O-O-O c5 15.h4 c4
16.Bc2 h5 17.Nh2 Nd7 18.g4 Nf6 19.Bxf6 Bxf6 20.gxh5 gxh5 21.Nf1 Bc8 22.Ng3 Bg4
23.Rdg1 Kh8 24.Bd1 Rg8 25.Bxg4 Rxg4 26.Nxh5 Rxg1+ 27.Rxg1 Bxh4 28.Ng3 Bg5+
29.Kc2 Kg7 30.Nf5+ Kf6 31.a4 a6 32.Kc3 Rh8 33.axb5 axb5 34.Kb4 Rh3 35.Rg3 Rh1
36.Ra3 Bc1 37.Kxb5 Bxb2 38.Ra6+ Kg5 39.Kxc4 Re1 40.Kd3 Bd4 41.f3 Bc5 42.d6 Kf4
43.Kc4 Rc1+ 44.Kd5 Bb4 45.Rc6 Rd1+ 46.Kc4 Be1 47.Rc5 Kxf3 48.Rxe5 Rc1+ 49.Kb5 Rb1+
50.Kc6 Bf2 51.d7 Rc1+ 52.Kd6 Bb6 53.Ke7 Kf4 54.Rb5 Bc7 55.Nd6 Rd1 56.Rf5+ Ke3
57.Rd5 Rxd5 58.exd5 Ba5 59.Nc4+  1-0

[Event "It"]
[Site "Indjija SCG"]
[Date "2004.04.11"]
[Round "1"]
[White "Indjic,D"]
[Black "Grujic,Z"]
[Result "1/2-1/2"]
[WhiteElo "2343"]
[BlackElo "2391"]

1.d4 Nf6 2.Nf3 g6 3.c4 Bg7 4.Nc3 O-O 5.e4 d6 6.Be2 e5 7.d5 a5 8.Bg5 h6 9.Bh4 Na6
10.Nd2 Qe8 11.a3 Bd7 12.b3 Nh7 13.f3 h5 14.Rb1 Nc5 15.Qc2 Bh6 16.Bf2 Qe7
17.b4 axb4 18.axb4 Na4 19.Nb5 c6 20.dxc6 bxc6 21.Nc7 Rac8 22.Na6 c5 23.b5 Nb6
24.Qc3 f5 25.Rd1 Be6 26.O-O Rfd8 27.Nb3 Qf7 28.Na5 Rd7  1/2-1/2

[Event "10th WDB Easter Open"]
[Site "Essen GER"]
[Date "2004.04.12"]
[Round "9"]
[White "Rahman,Tai"]
[Black "Lemli,T"]
[Result "1-0"]
[WhiteElo "2245"]
[BlackElo "2070"]

1.d4 Nf6 2.c4 g6 3.Nc3 Bg7 4.e4 d6 5.Be2 O-O 6.Nf3 e5 7.O-O Na6 8.Bg5 exd4
9.Nxd4 Re8 10.f3 c6 11.Qd2 Qb6 12.Be3 Nc5 13.Rfd1 Qc7 14.Rac1 a5 15.Kh1 Nfd7
16.Nc2 Be5 17.Bd4 Nf6 18.Qe3 Qe7 19.Ne1 Ne6 20.Bxe5 dxe5 21.Nd3 Nd4 22.Bf1 c5
23.Na4 Nd7 24.Ne1 b6 25.Nc2 Bb7 26.Nc3 Nf6 27.Nd5 Bxd5 28.cxd5 Red8 29.Nxd4 cxd4
30.Qb3 Rd6 31.Qb5 Qd7 32.Qb3 Qe7 33.Qa4 Nd7 34.b4 Qd8 35.Rc6 axb4 36.Qxb4 Nc5
37.Bc4 Rc8 38.Qb5 Kg7 39.Ra1 Rcxc6 40.dxc6 Qc7 41.Bd5 d3 42.Kg1 Ne6 43.Qa6 Nf4
44.Qb7 Nxd5 45.exd5 Qd8 46.c7 Qg5 47.c8=Q Qe3+ 48.Kh1 d2 49.Qc4  1-0

[Event "ACP Blitz Prelim1"]
[Site "playchess.com INT"]
[Date "2004.04.12"]
[Round "2"]
[White "Kiriakov,P"]
[Black "Moreno Carnero,J"]
[Result "0-1"]
[WhiteElo "2568"]
[BlackElo "2525"]

1.d4 Nf6 2.c4 g6 3.Nc3 Bg7 4.e4 d6 5.Nf3 O-O 6.Be2 Na6 7.O-O e5 8.Be3 Ng4
9.Bg5 Qe8 10.h3 h6 11.Bc1 exd4 12.Nxd4 Nf6 13.Bf3 Nh7 14.Re1 Ng5 15.Bg4 Bxg4
16.hxg4 Nc5 17.f3 Qe5 18.Be3 Qg3 19.Kf1 c6 20.Nce2 Qh2 21.Bg1 Qh4 22.b4 Ncxe4
23.fxe4 Nxe4 24.Rb1 Rae8 25.Rb3 Qxg4 26.Rf3 Ng5 27.Rf4 Qd7 28.Qd3 Re7 29.Bf2 Rfe8
30.Nf3 Ne6 31.Rh4 Nc7 32.Bxa7 d5 33.Bd4 dxc4 34.Qxc4 Nd5 35.Kf2 g5 36.Rhh1 g4
37.Bxg7 gxf3 38.gxf3 Kxg7 39.Reg1+ Kf8 40.Qc5 Qe6 41.Ng3 Qf6 42.Ne4 Qb2+
43.Kf1 b6 44.Qd6 Qa1+ 45.Kf2 Qxa2+ 46.Kg3 Qb2 47.Rxh6 Ra8 48.Rgh1 Qg7+ 49.Kf2 Ra2+
50.Kf1 Qg2+ 51.Ke1 Qe2+  0-1

[Event "ACP Blitz Prelim1"]
[Site "playchess.com INT"]
[Date "2004.04.12"]
[Round "17"]
[White "Volkov,S1"]
[Black "Moreno Carnero,J"]
[Result "0-1"]
[WhiteElo "2629"]
[BlackElo "2525"]

1.d4 Nf6 2.c4 g6 3.Nc3 Bg7 4.e4 d6 5.Be2 O-O 6.Nf3 Na6 7.O-O e5 8.Be3 Ng4
9.Bg5 Qe8 10.dxe5 dxe5 11.h3 f6 12.Bd2 Nh6 13.c5 Nxc5 14.Nd5 Ne6 15.Qc1 Nf7
16.Nxc7 Nxc7 17.Qxc7 Nd8 18.Bb4 Rf7 19.Qc2 Nc6 20.Bc5 Be6 21.Bc4 Rc8 22.Bxe6 Qxe6
23.Rfc1 Nd4 24.Nxd4 exd4 25.Qd2 Qxe4 26.Bxa7 Rd8 27.Bb6 Rdd7 28.Rc8+ Rf8
29.Re1 Qd5 30.Rxf8+ Bxf8 31.a3 d3 32.Ba5 Kf7 33.Bc3 g5 34.Rd1 Bc5 35.Re1 h5
36.Qd1 Kg6 37.Re8 Qf5 38.Qd2 Kf7 39.Re1 g4 40.hxg4 hxg4 41.g3 Qf3 42.Rd1 Qxg3+
43.Kf1 Qh3+ 44.Kg1 g3 45.Rf1 g2 46.Rd1 Qh1+  0-1

[Event "ACP Blitz Prelim2"]
[Site "playchess.com INT"]
[Date "2004.04.13"]
[Round "1"]
[White "Gustafsson,J"]
[Black "Kazhgaleyev,M"]
[Result "0-1"]
[WhiteElo "2579"]
[BlackElo "2596"]

1.Nf3 Nf6 2.c4 g6 3.Nc3 Bg7 4.e4 d6 5.d4 O-O 6.Be2 e5 7.Be3 Na6 8.O-O Ng4
9.Bg5 Qe8 10.dxe5 dxe5 11.h3 Nf6 12.Nd2 c6 13.Be3 b6 14.a3 Nc7 15.b4 Bb7
16.c5 b5 17.Nb3 Rd8 18.Qc1 Ne6 19.Na5 Bc8 20.Re1 h5 21.a4 a6 22.axb5 axb5
23.Bf1 Nd4 24.Qb2 Kh7 25.Rad1 Bh6 26.Bxh6 Kxh6 27.f4 Bxh3 28.gxh3 Nf3+ 29.Kh1 Nxe1
30.Rxe1 exf4 31.e5 Nd5 32.Ne4 Ne3 33.Nd6 Qe6 34.Qd4 g5 35.Rxe3 fxe3 36.Qxe3 f6
37.h4 Qxe5 38.hxg5+ Qxg5 39.Qe6 Rxd6 40.Qxd6 Rg8 41.Qd4 Qf5 42.Qe3+ Rg5 43.Bd3 Qg4
44.Bf1 Qd1 45.Qf2 Kg7 46.Nxc6 h4 47.Nd4 Kf7 48.Nf3 Rf5 49.Kg2 h3+ 50.Kg3 h2
51.Qa2+ Kg7 52.Bg2 h1=Q 53.Bxh1 Qxh1 54.Qf2 Qh5 55.Qg2 Qg6+ 56.Kf2 Qxg2+
57.Kxg2 Rf4 58.c6 Rxb4 59.Nd2 Rb2  0-1

[Event "ACP Blitz Prelim3"]
[Site "playchess.com INT"]
[Date "2004.04.14"]
[Round "8"]
[White "Sharevich,A"]
[Black "Relange,E"]
[Result "0-1"]
[WhiteElo "2240"]
[BlackElo "2505"]

1.d4 Nf6 2.Nf3 g6 3.c4 Bg7 4.Nc3 O-O 5.e4 d6 6.Be2 e5 7.d5 a5 8.Bg5 h6 9.Bh4 Na6
10.Nd2 Qe8 11.O-O Nh7 12.Rb1 h5 13.Bg5 Nxg5 14.a3 Nc5 15.b4 axb4 16.axb4 Na4
17.Nb5 Qd8 18.Ra1 Nb6 19.Rxa8 Nxa8 20.c5 Bd7 21.Nc3 Bh6 22.Nc4 Qf6 23.h4 Nh7
24.g3 g5 25.Bxh5 gxh4 26.Qe2 Kh8 27.Bf3 Ng5 28.Bg4 Bxg4 29.Qxg4 Rg8 30.Qh5 Nh3+
31.Kh2 Nxf2 32.Nd1 hxg3+ 33.Kg2 Rg5 34.Qe2 dxc5 35.bxc5 Bf8 36.Nce3 Bxc5
37.Nf5 Kg8 38.Qb5 Bf8 39.Qxb7 Nb6 40.Qxc7 Rh5 41.Nxf2 gxf2 42.Kxf2 Rh2+ 43.Ke1 Qg5
44.Qc3 Nc4 45.Qd3 Bb4+ 46.Kd1 Nb2+  0-1

[Event "Constantin Ungureanu Mem"]
[Site "Bucharest ROM"]
[Date "2004.04.17"]
[Round "3"]
[White "Shishkin,Va"]
[Black "Grigore,N"]
[Result "1-0"]
[WhiteElo "2443"]
[BlackElo "2361"]

1.d4 Nf6 2.c4 g6 3.Nc3 Bg7 4.e4 d6 5.Be2 O-O 6.Nf3 e5 7.Be3 c6 8.d5 Ng4 9.Bg5 f6
10.Bh4 c5 11.Nd2 Nh6 12.f3 Nf7 13.a3 Bh6 14.Bf2 f5 15.b4 b6 16.Ra2 Nd7 17.Bd3 Nf6
18.Qb1 Bxd2+ 19.Rxd2 fxe4 20.Bxe4 Nxe4 21.Nxe4 Bf5 22.O-O Ng5 23.Be3 Bxe4
24.fxe4 Rxf1+ 25.Kxf1 Nf7 26.g3 Qd7 27.Kg2 Qa4 28.Rd3 Rc8 29.Rc3 a5 30.b5 Rf8
31.Qd3 Kg7 32.Qd2 h6 33.h4 h5 34.Qc1 Rh8 35.Bd2 Rf8 36.Rf3 Kg8 37.Rc3 Kg7
38.Be3 Rh8 39.Qf1 Rf8 40.Qe2 Nh6 41.Bxh6+ Kxh6 42.Qd3 Rf6 43.Rc2 Kg7 44.Rf2 Rxf2+
45.Kxf2 Kf6 46.Kg2 Kg7 47.Kh3 Kf7 48.g4 Ke7 49.Kg3 Kf7 50.Kf3 Kf6 51.g5+ Ke7
52.Ke3 Kf7 53.Kd2 Kg8 54.Kc1 Kf8 55.Kb2 Kg8 56.Qf1 Kh7 57.Qf7+ Kh8 58.Qf8+ Kh7  1-0

[Event "1st It Congress"]
[Site "Coventry ENG"]
[Date "2004.04.18"]
[Round "5"]
[White "Stone,A"]
[Black "Littlewood,P"]
[Result "0-1"]
[WhiteElo "2257"]
[BlackElo "2390"]

1.d4 Nf6 2.c4 g6 3.Nc3 Bg7 4.e4 d6 5.Nf3 O-O 6.Be2 e5 7.O-O Na6 8.Be3 Ng4
9.Bg5 Qe8 10.dxe5 h6 11.Bd2 Nxe5 12.Nxe5 dxe5 13.Be3 c6 14.Rb1 Qe7 15.Qc1 Kh7
16.Rd1 Nc5 17.b4 Ne6 18.a4 Nd4 19.Bf1 f5 20.exf5 Bxf5 21.Rb2 Rad8 22.Re1 e4
23.Rb1 Qh4 24.Ne2 Be5 25.Ng3 Bg4 26.c5 Rf5 27.Bxd4 Bxd4 28.Rb2 Rxf2 29.Rxf2 Rf8
30.Nxe4 Rxf2 31.Qc4 Rxg2+ 32.Kxg2 Qh3+  0-1

[Event "Constantin Ungureanu Mem"]
[Site "Bucharest ROM"]
[Date "2004.04.19"]
[Round "5"]
[White "Ionescu,M"]
[Black "Djukic,Ni"]
[Result "1-0"]
[WhiteElo "2388"]
[BlackElo "2449"]

1.Nf3 Nf6 2.c4 g6 3.Nc3 Bg7 4.e4 d6 5.d4 O-O 6.Be2 e5 7.Be3 Ng4 8.Bg5 f6
9.Bh4 g5 10.Bg3 Nh6 11.dxe5 dxe5 12.Qxd8 Rxd8 13.Nd5 Na6 14.O-O-O Be6 15.h3 c6
16.Nc3 Bf8 17.Rxd8 Rxd8 18.Rd1 Rc8 19.Nd2 Nc5 20.f3 Nf7 21.Bf2 b6 22.Kc2 Nh8
23.b4 Nb7 24.Rb1 Ng6 25.Bf1 h5 26.a3 Be7 27.Nd1 Kf7 28.Ne3 h4 29.Nd1 Ke8
30.Nb2 Bf7 31.Nd3 Nf8 32.c5 bxc5 33.bxc5 Rc7 34.Nb4 Na5 35.Na6 Rc8 36.Kc3 Ne6
37.Be3 Nf4 38.Bxf4 gxf4 39.Nc4 Nxc4 40.Bxc4 Rd8 41.Rb8 Rxb8 42.Bxf7+ Kxf7
43.Nxb8 Bxc5 44.a4 Ke6 45.Nxc6 Kd6 46.Na5 Bf2 47.Kc4 a6 48.Nb7+ Kc6 49.Nd8+ Kb6
50.Ne6 Ka5 51.Kb3 Kb6 52.Kb4 Be1+ 53.Kc4 Ka5 54.Nc5 Bf2 55.Nd3 Bg1 56.Kb3 Kb6
57.Nb4 Bf2 58.Nd5+ Kc5 59.Nxf6 Kd4 60.Ng4 Be1 61.Kc2 a5 62.Kd1 Bb4 63.Nh6 Ke3
64.Nf5+ Kf2 65.Nxh4 Bc3 66.Kc2 Ba1 67.Kd3 Bb2 68.Nf5 Kxg2 69.h4 Kxf3 70.h5  1-0

[Event "6th Open"]
[Site "Dubai UAE"]
[Date "2004.04.20"]
[Round "2"]
[White "Gleizerov,E"]
[Black "Hakki,I"]
[Result "1/2-1/2"]
[WhiteElo "2592"]
[BlackElo "2451"]

1.d4 Nf6 2.c4 g6 3.Nc3 Bg7 4.e4 d6 5.Nf3 O-O 6.Be2 e5 7.O-O Na6 8.Be3 Ng4
9.Bg5 Qe8 10.dxe5 dxe5 11.h3 f6 12.Bd2 Nh6 13.c5 c6 14.Bxa6 bxa6 15.Bxh6 Bxh6
16.Qa4 Rb8 17.b3 Rf7 18.Rad1 Bf8 19.Qa5 Be6 20.Rd3 Rd7 21.Rfd1 Rxd3 22.Rxd3 Qc8
23.Na4 Be7 24.Nd2 Qb7 25.Nc3 Qb4 26.Qc7 Qb7 27.Qa5 Qb4 28.Qc7 Qb7 29.Qxb7 Rxb7
30.Na4 Rb5 31.Kf1 Kf7 32.Ke2 Ke8 33.Rc3 Rb4 34.Nb2 Rb5 35.Nd3 Kd7 36.Nc4 Kc7
37.a4 Rb8 38.Na5 Bd8 39.b4 Kd7 40.Nb3 a5 41.Nxa5 Bxa5 42.bxa5 g5 43.Ke3 Rb1
44.Rc2 Kc7 45.Nb2 Re1+ 46.Kd3 Rg1 47.f3 Bc8 48.Ke3 Ba6 49.Kf2  1/2-1/2

[Event "It"]
[Site "Indjija SCG"]
[Date "2004.04.20"]
[Round "11"]
[White "Ilincic,Z"]
[Black "Kizov,A"]
[Result "1/2-1/2"]
[WhiteElo "2538"]
[BlackElo "2345"]

1.d4 Nf6 2.c4 g6 3.Nc3 Bg7 4.e4 d6 5.Nf3 O-O 6.Be2 e5 7.O-O c6 8.Re1 Na6
9.Bf1 Bg4 10.d5 c5 11.h3 Bd7 12.a3 Ne8 13.Rb1 h6  1/2-1/2

[Event "Constantin Ungureanu Mem"]
[Site "Bucharest ROM"]
[Date "2004.04.21"]
[Round "7"]
[White "Shishkin,Va"]
[Black "Grigore,Ge"]
[Result "0-1"]
[WhiteElo "2443"]
[BlackElo "2501"]

1.d4 Nf6 2.c4 g6 3.Nc3 Bg7 4.e4 d6 5.Be2 O-O 6.Nf3 e5 7.Be3 exd4 8.Nxd4 Re8
9.f3 c6 10.Bf2 Nh5 11.Qd2 Be5 12.g3 c5 13.Nb3 Nc6 14.O-O-O a6 15.f4 Bxc3
16.Qxc3 Rxe4 17.Bxh5 Nb4 18.Kb1 gxh5 19.a3 Bf5 20.Ka1 b5 21.Bxc5 Rxc4 22.Rxd6 Rxc3
23.Rxd8+ Rxd8 24.bxc3 Nd3 25.Bd4 Re8 26.Nc1 Ne1 27.Kb2 Nf3 28.Rd1 Bg4 29.Bf6 Nxh2
30.Rd8 Rxd8 31.Bxd8 Nf1 32.Bh4 Ne3 33.Nd3 Kg7 34.Nc5 Bc8 35.a4 bxa4 36.Ka3 Kg6
37.Kxa4 Nf5 38.c4 Nxh4 39.gxh4 Kf5 40.Ka5 Kxf4 41.Nxa6 f5 42.Nb4 Kg3  0-1

[Event "6th Open"]
[Site "Dubai UAE"]
[Date "2004.04.21"]
[Round "3"]
[White "Anastasian,A"]
[Black "Mariano,N"]
[Result "0-1"]
[WhiteElo "2587"]
[BlackElo "2416"]

1.Nf3 Nf6 2.c4 g6 3.Nc3 Bg7 4.e4 d6 5.d4 O-O 6.Be2 e5 7.d5 a5 8.Bg5 h6 9.Bh4 Na6
10.Nd2 Qe8 11.g4 Nh7 12.Rg1 Bd7 13.Nf1 Ng5 14.Bxg5 hxg5 15.Nd2 Bf6 16.Rg3 Kg7
17.Kf1 Rh8 18.h3 Nc5 19.Nb3 Na4 20.Qd2 Nxc3 21.Qxc3 b6 22.Nd2 Qe7 23.Kg2 Rh7
24.b3 Rhh8 25.a3 Ra7 26.Bd3 Qd8 27.Re3 Qe7 28.Ree1 Rc8 29.b4 Rca8 30.Nb3 Ba4
31.Nd2 Bd7 32.Rec1 Qf8 33.Nb3 Ba4 34.bxa5 Bxb3 35.axb6 cxb6 36.Qxb3 Qb8 37.Rcb1 Bd8
38.c5 dxc5 39.Bb5 Qd6 40.Bc6 Rc8 41.a4 Bc7 42.Qe3 Qe7 43.Ra3 Rh8 44.Qe2 Ra5
45.Rd3 Qd6 46.Qd2 Bd8 47.Rdb3 Ra7 48.Rxb6 Bxb6 49.Rxb6 Rxa4 50.Bxa4 Qxb6
51.Qxg5 f6 52.Qd2 Qb4 53.Qc2 c4 54.d6 Qa3 55.f3 Qxd6 56.Qxc4 Qd2+ 57.Kg3 Rd8  0-1

[Event "6th Open"]
[Site "Dubai UAE"]
[Date "2004.04.21"]
[Round "3"]
[White "Kruppa,Y"]
[Black "Fedorov,Alex"]
[Result "1/2-1/2"]
[WhiteElo "2533"]
[BlackElo "2616"]

1.d4 Nf6 2.c4 g6 3.Nc3 Bg7 4.e4 d6 5.Nf3 O-O 6.Be2 e5 7.Be3 Ng4 8.Bg5 f6
9.Bc1 exd4 10.Nxd4 f5 11.O-O fxe4 12.Bxg4 Bxg4 13.Qxg4 Bxd4 14.Nd5 Rf5 15.Be3 Bg7
16.Qxe4 Nc6 17.Rad1 Qd7 18.Qh4 Re8 19.Bg5 Qf7 20.b3 h6 21.Be3 g5 22.Qg3 Kh8
23.f4 Rf8 24.Qh3 gxf4 25.Nxf4 Ne5 26.g3 h5 27.Qg2 Ng4 28.Bc1 b6 29.Qc2 Kg8
30.Kg2 Ne5  1/2-1/2

[Event "6th Open"]
[Site "Dubai UAE"]
[Date "2004.04.25"]
[Round "7"]
[White "Ghaem Maghami,E"]
[Black "Moradiabadi,E"]
[Result "1-0"]
[WhiteElo "2558"]
[BlackElo "2436"]

1.d4 Nf6 2.c4 g6 3.Nc3 Bg7 4.e4 d6 5.Nf3 O-O 6.Be2 Na6 7.O-O e5 8.Be3 Ng4
9.Bg5 Qe8 10.dxe5 dxe5 11.h3 f6 12.Bd2 Nh6 13.c5 c6 14.Bxa6 bxa6 15.Qa4 Nf7
16.Rad1 Rb8 17.Bc1 Kh8 18.Nd2 Bh6 19.Nc4 Bxc1 20.Rxc1 Be6 21.Nd6 Nxd6 22.cxd6 Rxb2
23.Qxa6 Qd7 24.Qa3 Rfb8 25.Rb1 R2b6 26.Rfd1 Kg7 27.Rbc1 Rb2 28.Rb1 R2b6 29.Qa5 h5
30.Rbc1 Rc8 31.Qc5 Rcb8 32.a3 g5 33.Rb1 Kf7 34.Rbc1 h4 35.Rd3 Rb3 36.Rcd1 Kg8
37.Na4 g4 38.hxg4 Bxg4 39.Rxb3 Bxd1 40.Qc4+ Kg7 41.Rh3 Bxa4 42.Qxa4 Rh8 43.Qd1 Rh6
44.Rd3 Rh8 45.Kh2 Rh6 46.Qe2 Rh8 47.Qd1 Rh6 48.a4 Rh8 49.a5 Kg6 50.Rh3 Rh5
51.a6 Rh7 52.Rb3 Qe6 53.Rc3 Qd7 54.Rd3 Kg7 55.Rf3 Qg4 56.Qd3  1-0

[Event "6th Open"]
[Site "Dubai UAE"]
[Date "2004.04.28"]
[Round "9"]
[White "Gelashvili,T"]
[Black "Lahno,Kateri"]
[Result "1-0"]
[WhiteElo "2542"]
[BlackElo "2493"]

1.Nf3 Nf6 2.d4 d6 3.c4 g6 4.Nc3 Bg7 5.e4 O-O 6.Be2 e5 7.O-O Na6 8.Bg5 Qe8
9.Bxf6 Bxf6 10.c5 exd4 11.Nd5 Qd8 12.Bxa6 bxa6 13.cxd6 Qxd6 14.Nxf6+ Qxf6
15.Qxd4 Qb6 16.Qc3 Bb7 17.Ne5 Qf6 18.f3 Rfe8 19.Nd7 Qxc3 20.bxc3 Re7 21.Rfd1 Bc6
22.Nc5 a5 23.Rab1 f5 24.exf5 gxf5 25.Re1 Kf7 26.Nd3 Rae8 27.Rxe7+ Rxe7 28.Kf2 Kf6
29.Rb2 Rd7 30.Nf4 Rd1 31.Re2 Bd5 32.Re1 Rxe1 33.Nxd5+ Ke5 34.Kxe1 Kxd5 35.Kd2 h5
36.g3 c5 37.Kd3 a4 38.c4+ Ke5 39.h3 a3 40.Kc3 a6 41.Kd3 a5 42.g4 hxg4 43.hxg4 fxg4
44.fxg4 Kf4 45.g5 Kxg5 46.Ke4 Kg4 47.Kd5 Kf4 48.Kxc5 Ke4 49.Kb5 Kd4 50.c5 Kc3
51.c6 Kb2 52.c7 Kxa2 53.c8=Q Kb2 54.Qh8+ Kb1 55.Qh1+ Kb2 56.Qg2+ Kb1 57.Kxa5 a2
58.Kb4 a1=Q 59.Kb3  1-0

[Event "4th Gold Cup"]
[Site "Szombathely HUN"]
[Date "2004.04.29"]
[Round "11"]
[White "Dragomirescu,An"]
[Black "Ionica,I"]
[Result "1/2-1/2"]
[WhiteElo "2288"]
[BlackElo "2295"]

1.d4 Nf6 2.c4 g6 3.Nc3 Bg7 4.e4 d6 5.Nf3 O-O 6.Be2 e5 7.dxe5 dxe5 8.Qxd8 Rxd8
9.Bg5 Re8 10.O-O-O h6 11.Bxf6 Bxf6 12.Nd5 Bd8 13.Rd2 c6  1/2-1/2

[Event "FSGM May"]
[Site "Budapest HUN"]
[Date "2004.05.03"]
[Round "3"]
[White "Farago,I"]
[Black "Jakobsen,O"]
[Result "1-0"]
[WhiteElo "2507"]
[BlackElo "2391"]

1.d4 d6 2.Nf3 g6 3.c4 Bg7 4.Nc3 Nf6 5.e4 O-O 6.Be2 e5 7.O-O Na6 8.Re1 c6
9.Bf1 Bg4 10.d5 Ne8 11.h3 Bd7 12.Rb1 c5 13.a3 h6 14.Nh2 f5 15.exf5 gxf5 16.f4 e4
17.Be3 Bxc3 18.bxc3 b6 19.Rb2 Kh7 20.g4 Rg8 21.Rg2 Ng7 22.Kh1 Qe7 23.Be2 Raf8
24.Reg1 Ne8 25.Qe1 Nac7 26.g5 hxg5 27.Rxg5 Rxg5 28.Qh4+ Kg8 29.Rxg5+ Ng7
30.Nf1 Qf6 31.Bd2 Be8 32.Ng3 Qe7 33.Nh5 Bxh5 34.Bxh5 Rf6 35.Be1 e3 36.Kh2 Ne8
37.Rg2 Rf7 38.Bxf7+ Qxf7 39.Qg5 b5 40.cxb5 Qxd5 41.Qe7 Qe4 42.Qxe4 fxe4 43.a4 Kf7
44.a5 d5 45.b6 axb6 46.axb6 Nd6 47.Rg5 d4 48.cxd4 cxd4 49.Rd5  1-0

[Event "FSGM May"]
[Site "Budapest HUN"]
[Date "2004.05.05"]
[Round "5"]
[White "Farago,I"]
[Black "Wittmann,W"]
[Result "1/2-1/2"]
[WhiteElo "2507"]
[BlackElo "2339"]

1.d4 Nf6 2.c4 g6 3.Nc3 Bg7 4.e4 d6 5.Be2 O-O 6.Nf3 e5 7.O-O Qe8 8.dxe5 dxe5
9.b4 Qe7 10.Qb3 c6 11.b5 Rd8 12.Ba3 Qc7 13.Rad1 Rxd1 14.Rxd1 Ne8 15.c5 Bg4
16.h3 Bxf3 17.Bxf3 Nd7 18.Be2 Bf8 19.bxc6 bxc6 20.Nd5 Qc8 21.Nc3 Nxc5 22.Bxc5 Bxc5
23.Bg4 Qb8 24.Bd7 Qxb3 25.axb3 Rb8 26.Bxc6  1/2-1/2

[Event "FSGM May"]
[Site "Budapest HUN"]
[Date "2004.05.05"]
[Round "5"]
[White "Paschall,W"]
[Black "Karatorossian,D"]
[Result "1-0"]
[WhiteElo "2381"]
[BlackElo "2401"]

1.d4 Nf6 2.Nf3 g6 3.c4 Bg7 4.Nc3 O-O 5.e4 d6 6.Be2 e5 7.O-O Nbd7 8.Re1 c6
9.Bf1 a6 10.Rb1 b5 11.b4 bxc4 12.Bxc4 exd4 13.Nxd4 Ne5 14.Be2 Nfg4 15.Bf4 Nxf2
16.Kxf2 Qf6 17.Kg3 g5 18.Be3 Qh6 19.Kf2 f5 20.Nxf5 Bxf5 21.exf5 Rxf5+ 22.Kg1 Qh4
23.Qb3+ Kh8 24.Rf1 Raf8 25.Rxf5 Rxf5 26.Qe6 Rf8 27.g3  1-0

[Event "II Gyorgy Marx Mem"]
[Site "Paks HUN"]
[Date "2004.05.06"]
[Round "2"]
[White "Korchnoi,V"]
[Black "Nevednichy,V"]
[Result "1-0"]
[WhiteElo "2579"]
[BlackElo "2544"]

1.Nf3 Nf6 2.c4 g6 3.Nc3 Bg7 4.e4 d6 5.d4 O-O 6.Be2 e5 7.Be3 Ng4 8.Bg5 f6
9.Bh4 Nc6 10.dxe5 dxe5 11.Nd5 Nh6 12.h3 Be6 13.Qb3 Qc8 14.O-O-O Kh8 15.g4 Ng8
16.Kb1 Nd8 17.Bg3 Nf7 18.Qc3 c5 19.g5 f5 20.h4 f4 21.h5 gxh5 22.Bh4 Bxd5
23.cxd5 Ne7 24.Nd2 Nd6 25.Bxh5 Ng6 26.Rc1 b6 27.Qf3 Re8 28.Bg4 Qb7 29.Bf5 Kg8
30.Nc4 Rad8 31.Qh5 Qf7 32.Be6 Rxe6 33.dxe6 Qxe6 34.Nxd6 Rxd6 35.f3 Rd3 36.Bf2 Nf8
37.Rhd1 Qd7 38.Qh1 Ne6 39.Qf1 c4 40.Rxd3 cxd3 41.Rd1 Nxg5 42.Qxd3 Qxd3+ 43.Rxd3 Bf6
44.Kc2 Kf7 45.Ra3 Ke6 46.Rxa7 Nxf3 47.Kd3 h5 48.Rh7 h4 49.a4  1-0

[Event "FSGM May"]
[Site "Budapest HUN"]
[Date "2004.05.07"]
[Round "7"]
[White "Farago,I"]
[Black "Karatorossian,D"]
[Result "1-0"]
[WhiteElo "2507"]
[BlackElo "2401"]

1.d4 Nf6 2.c4 g6 3.Nc3 Bg7 4.e4 d6 5.Be2 O-O 6.Nf3 e5 7.O-O Nbd7 8.Be3 c6
9.d5 c5 10.Ne1 Ne8 11.g4 Bf6 12.Qd2 Ng7 13.Kh1 Be7 14.Rg1 Kh8 15.Nd3 a5 16.f4 exf4
17.Bxf4 f6 18.Nb5 Ne8 19.Rad1 b6 20.b3 Ne5 21.Nxe5 fxe5 22.Bh6 Rf7 23.Rdf1 Rxf1
24.Rxf1 Nf6 25.Qe3 Bd7 26.Nxd6 Bxd6 27.Bg5 Nxg4 28.Bxg4 Be7 29.Qg3 Bxg5 30.Qxe5+ Kg8
31.Bxd7 Qxd7 32.Qxg5 Rf8 33.Rxf8+ Kxf8 34.e5  1-0

[Event "FSGM May"]
[Site "Budapest HUN"]
[Date "2004.05.07"]
[Round "7"]
[White "Volke,K"]
[Black "Wittmann,W"]
[Result "1-0"]
[WhiteElo "2458"]
[BlackElo "2339"]

1.Nf3 Nf6 2.c4 g6 3.Nc3 Bg7 4.e4 d6 5.d4 O-O 6.Be2 e5 7.d5 Na6 8.Nd2 Bh6
9.h4 Nc5 10.Qc2 Bg4 11.f3 Bd7 12.g4 Bf4 13.Nf1 Qe7 14.h5 a5 15.Be3 Ne8 16.Qd2 Qg5
17.Bxf4 exf4 18.O-O-O a4 19.Bd3 a3 20.b3 Qe5 21.Bc2 b5 22.cxb5 Bxb5 23.Qd4 Qxd4
24.Rxd4 Bxf1 25.Rxf1 Nf6 26.b4 Na6 27.Ba4 Rab8 28.Bb5 Rb6 29.Kd2 Rfb8 30.Bxa6 Rxa6
31.Ne2 g5 32.Nc1 Nd7 33.Nd3 f6 34.Rc4 Ra7 35.Rfc1 Rbb7 36.R4c3 Kf7 37.Rb3 Ra4
38.Rcc3 Rba7 39.Ne1 Ne5 40.Nc2 Ke8 41.Ke2 Kd7 42.Rxa3 Rxa3 43.Rxa3 Rxa3 44.Nxa3 Kc8
45.Nb5 Kb7 46.Nd4 Kb6 47.Ne6 h6 48.Nd4 Kb7 49.Nf5 Nf7 50.Ne7 Kb6 51.a4 Kb7
52.Ng8 Kb6 53.Nxf6 Kb7 54.Ng8 Kb6 55.Ne7 Ne5 56.Nf5 Nf7 57.Nd4 Ne5 58.a5+ Ka6
59.Nc6 Nd7 60.Kd3  1-0

[Event "7th United Insurance"]
[Site "Dhaka BAN"]
[Date "2004.05.07"]
[Round "1"]
[White "Roktim,B"]
[Black "Chatterjee,D"]
[Result "1-0"]
[WhiteElo "2359"]
[BlackElo "2229"]

1.Nf3 Nf6 2.c4 g6 3.Nc3 Bg7 4.e4 d6 5.d4 O-O 6.Be2 e5 7.dxe5 dxe5 8.Qxd8 Rxd8
9.Nd5 Nxd5 10.cxd5 c6 11.Bc4 cxd5 12.Bxd5 Nd7 13.Bg5 Re8 14.Nd2 Nb6 15.Bb3 Be6
16.Rc1 Bxb3 17.axb3 Rac8 18.Ke2 Nd7 19.Be3 a6 20.Nc4 Bf8 21.Rhd1 Nc5 22.Nb6 Rc6
23.Bxc5 Rxc5 24.Nd7 Rxc1 25.Rxc1 Re7 26.Rc7 b5 27.Nf6+ Kg7 28.Rxe7 Bxe7 29.Ne8+ Kf8
30.Nc7 Bd6 31.Nxa6 Ke7 32.b4 Kd7 33.Nc5+ Kc6 34.Nd3 f5 35.Kf3 Kb6 36.g3 Kc6
37.Ke3 Kb6 38.h3 Kc6 39.b3 Kb6 40.exf5 gxf5 41.g4 e4 42.Nf4 fxg4 43.hxg4 Bxb4
44.Kxe4 Bd2 45.Nd3 Kc6 46.Ke5 Bc3+ 47.Ke6 Ba1 48.f4 Kc7 49.Kd5 Kb6 50.Kd6 Bc3
51.f5  1-0

[Event "1st Open"]
[Site "Kranj SLO"]
[Date "2004.05.07"]
[Round "1"]
[White "Sebenik,M"]
[Black "Ravnik,F"]
[Result "1-0"]
[WhiteElo "2440"]
[BlackElo "1972"]

1.c4 Nf6 2.Nc3 g6 3.e4 d6 4.d4 Bg7 5.Be2 O-O 6.Nf3 e5 7.Be3 Ng4 8.Bg5 f6
9.Bh4 Nc6 10.d5 Ne7 11.Nd2 Nh6 12.f3 f5 13.Bf2 c5 14.Rb1 Bd7 15.b4 cxb4 16.Rxb4 b6
17.O-O f4 18.a4 g5 19.h3 Nf7 20.a5 bxa5 21.Rb7 h5 22.Nb5 Bc8 23.Rxa7 Rxa7
24.Nxa7 Nh6 25.Nxc8 Qxc8 26.c5 dxc5 27.Nb3 Ng6 28.Nxc5 Bf6 29.Ba6 Qe8 30.d6 Bd8
31.Bc4+ Kh7 32.Ne6 Rh8 33.Qd5 Nf8 34.Qb7+ Nd7 35.Nc5  1-0

[Event "7th United Insurance"]
[Site "Dhaka BAN"]
[Date "2004.05.08"]
[Round "2"]
[White "Sultana,Z2"]
[Black "Gosh,C"]
[Result "0-1"]
[WhiteElo "2081"]
[BlackElo "2246"]

1.d4 Nf6 2.c4 g6 3.Nc3 Bg7 4.e4 O-O 5.Nf3 d6 6.Be2 e5 7.dxe5 dxe5 8.Qxd8 Rxd8
9.Bg5 Re8 10.Bxf6 Bxf6 11.Nd5 Bd8 12.O-O Nd7 13.Rad1 Nc5 14.Nc3 Bf6 15.Nd5 Bd8
16.Nc3 Bg4 17.h3 Bxf3 18.Bxf3 Ne6 19.Ne2 Bf6 20.Rd7 Rac8 21.Bg4 Ng5 22.Nc3 h5
23.Be2 Ne6 24.Rfd1 Kf8 25.Kf1 b6 26.Nd5 Bd8 27.b4 a5 28.a3 axb4 29.axb4 Kg7
30.Ra1 Nf8 31.Rxd8 Rexd8 32.Ke1 Ne6 33.g3 Ra8 34.Rc1 Rab8 35.h4 c6 36.Nc3 Ra8
37.b5 cxb5 38.Nxb5 Ra2 39.Nc3 Rb2 40.Nd5 Nc5 41.f3 Ra8 42.Nc3 Ra3 43.Nd1 Rbb3
44.Nf2 Ra2 45.Nd1 Nd3+ 46.Bxd3 Rxd3 47.Rc3 Rdd2 48.Rc1 Rh2  0-1

[Event "FSGM May"]
[Site "Budapest HUN"]
[Date "2004.05.09"]
[Round "9"]
[White "Volke,K"]
[Black "Karatorossian,D"]
[Result "1-0"]
[WhiteElo "2458"]
[BlackElo "2401"]

1.Nf3 Nf6 2.c4 g6 3.Nc3 Bg7 4.e4 d6 5.d4 O-O 6.Be2 e5 7.d5 Na6 8.Nd2 c6 9.a3 Ne8
10.b4 f5 11.O-O c5 12.Rb1 Nf6 13.exf5 Bxf5 14.Rb3 Qe7 15.g4 Bd7 16.b5 Nc7
17.Nde4 Nce8 18.Ng3 Kh8 19.Bg5 Rf7 20.h3 Qf8 21.Qd2 Ng8 22.Nce4 Bh6 23.f4 Rxf4
24.Bxf4 Bxf4 25.Rbf3 Qe7 26.Rxf4 exf4 27.Qxf4 Rd8 28.Qg5 Qxg5 29.Nxg5 Nh6
30.Rf7 Ng7 31.Re7 Kg8 32.Ne6 Bxe6 33.dxe6 Rb8 34.Bf3 Kf8 35.Rd7 Nxe6 36.Bd5 Nf4
37.Rxh7 Nxd5 38.cxd5 Nf7 39.Ne4 Re8 40.Rxf7+ Kxf7 41.Nxd6+ Ke7 42.Nxe8 Kxe8
43.h4  1-0

[Event "Capablanca Mem Premier I"]
[Site "Havana CUB"]
[Date "2004.05.09"]
[Round "4"]
[White "Lafuente,P"]
[Black "Lopez Martinez,J"]
[Result "0-1"]
[WhiteElo "2433"]
[BlackElo "2440"]

1.d4 Nf6 2.c4 d6 3.Nf3 g6 4.Nc3 Bg7 5.e4 O-O 6.Be2 Na6 7.O-O e5 8.Re1 c6
9.Rb1 exd4 10.Nxd4 Re8 11.Bf1 Ng4 12.h3 Qb6 13.hxg4 Qxd4 14.Qf3 Qe5 15.Bf4 Qe7
16.Qg3 Be5 17.g5 f6 18.Rbd1 Nc5 19.gxf6 Qxf6 20.Bxe5 dxe5 21.b4 Ne6 22.Rd6 Qf4
23.Qxf4 Nxf4 24.Red1 Ne6 25.Na4 Kf7 26.Nb2 Ke7 27.c5 Ng5 28.Nc4 Nf7 29.R6d2 Be6
30.Na5 Rab8 31.b5 cxb5 32.Bxb5 Red8 33.Rxd8 Nxd8 34.Bc4 Bxc4 35.Nxc4 Rc8
36.Rd5 Ne6 37.Rxe5 Rxc5 38.Rxc5 Nxc5 39.f3 b5 40.Nb2 a5 41.Kf1 b4 42.Ke2 a4
43.Nd3 b3 44.axb3 Nxb3 45.Kd1 a3 46.Nb4 Ke6 47.Kc2 Nc5 48.Nc6 h5 49.Kb1 Nd3
50.Nd4+ Ke5 51.Ne2 Ne1 52.g3 Nxf3 53.Nf4 Kf6 54.Ka2 Kg5 55.Nd3 Kg4 56.e5 Kf5
57.Kxa3 Nxe5 58.Nf2 Ng4 59.Nd3 Ke4 60.Nf4 h4  0-1